Word Ladder: Five-of-a-Kind Quiz Stats

 Plays Quiz Updated Aug 5, 2015

Challenge
Share
Tweet
Embed
Score 0/29 Timer 03:00
2 Plays Today
Clue 4-Letter Word % Correct
The Titanic or the USS ArizonaSHIP
95.9%
Length x widthAREA
94.4%
Slow leak from a faucetDRIP
94.4%
Place that sells itemsSHOP
94.3%
Highest cards in a standard deck; best cards for five-of-a-kind♠♥ACES♦♣
94%
Musical piece for twoDUET
93.3%
Take hold of tightlyGRIP
92.1%
Pass on a question; paired with hop and jumpSKIP
91.9%
Arranged fight to the death for honorDUEL
91.6%
Greek war godARES
91.5%
Fall or descentDROP
90.9%
Important document after deathWILL
90.6%
Herb used for picklesDILL
90.5%
Short comedic performanceSKIT
90.5%
Sever with an axe or swordCHOP
90.3%
Clue 4-Letter Word % Correct
Extremely dryARID
90.3%
An unsharpened knife, perhapsDULL
89.8%
Solo piece in an operaARIA
89.1%
52 of these are in a standard deck; needed to finish the five-of-a-kind♠♥CARD♦♣
88.8%
Sudden movement of airWIND
88.6%
Difficult, severeHARD
88.4%
Rectangular array; like a crosswordGRID
88.4%
Whip used for horse-ridingCROP
87.7%
♠, ♥, ♦, or ♣ -- one of each is needed in a five-of-a-kind♠♥SUIT♦♣
87.2%
Untamed or unrestrained; One's needed to finish the five-of-a-kind♠♥WILD♦♣
85.4%
To tie or confineBIND
85.4%
Another name for a wedding ringBAND
85.4%
Set of cards in a poker gameHAND
84.7%
Animal fatSUET
84.5%

Today's Daily Dose

Missing Word
Witch Songs

Word Ladder
Alabama

Quick Pick
Fanta Flavors

On This Day
October 15th II

You're not logged in!

Compare scores with friends on all Sporcle quizzes.
Join for Free
OR
Log In

You Might Also Like...

Show Comments

Extras

Top Quizzes Today


Score Distribution

Your Account Isn't Verified!

In order to create a playlist on Sporcle, you need to verify the email address you used during registration. Go to your Sporcle Settings to finish the process.

Report this User

Report this user for behavior that violates our Community Guidelines.

Details: